[Event "Varsity Oxbridge m 131st"]
[Site "London"]
[Date "2013.03.09"]
[Round "1.5"]
[White "Janovsky, Jozef"]
[Black "Gruslys, Vytautas"]
[Result "1/2-1/2"]
[WhiteElo "2131"]
[BlackElo "1970"]
[PlyCount "84"]
[EventDate "2013.03.09"]
[EventType "team-match"]
[EventRounds "1"]
[EventCountry "ENG"]
[SourceTitle "CBM 153 Extra"]
[Source "ChessBase"]
[SourceDate "2013.04.22"]
[SourceVersion "1"]
[SourceVersionDate "2013.04.22"]
[SourceQuality "1"]
[WhiteTeam "Oxford"]
[BlackTeam "Cambridge"]
[WhiteTeamCountry "ENG"]
[BlackTeamCountry "ENG"]

1. Nc3 d5 2. e4 d4 3. Nce2 c5 4. Ng3 Nc6 5. Bb5 Bd7 6. f4 e6 7. Nf3 Qc7 8. Bxc6 Bxc6 9. d3 Bd6 10. e5 Be7 11. 0-0 h5 12. Qe2 h4 13. Ne4 Nh6 14. Neg5 Nf5 15. Bd2 Bd5 16. b3 Qc6 17. Rae1 b5 18. c4 dxc3 19. Bxc3 Qb6 20. Qf2 c4 21. bxc4 bxc4 22. d4 f6 23. Ne4 Qc6 24. Nfd2 Kf7 25. Qe2 a5 26. Rb1 Bb4 27. Rfc1 Bxc3 28. Rxc3 Nxd4 29. Qe3 Nf5 30. Nd6+ Qxd6 31. exd6 Nxe3 32. Rxe3 Rab8 33. Rc1 Rb2 34. Nxc4 Rxg2+ 35. Kf1 Rxh2 36. Rcc3 Bxc4+ 37. Rxc4 Rd2 38. Rc7+ Kg6 39. Rxe6 Rd8 40. Ree7 R8xd6 41. Rxg7+ Kf5 42. Rh7 Rxa2 1/2-1/2

[Event "Varsity Oxbridge m 130th"]
[Site "London"]
[Date "2012.03.03"]
[Round "1"]
[White "Zakarian, David"]
[Black "Gruslys, Vytautas"]
[Result "1-0"]
[WhiteElo "2379"]
[BlackElo "1970"]
[PlyCount "71"]
[EventDate "2012.03.03"]
[EventType "team-match"]
[EventRounds "1"]
[EventCountry "ENG"]
[SourceTitle "CBM 147 Extra"]
[Source "ChessBase"]
[SourceDate "2012.04.24"]
[SourceVersion "1"]
[SourceVersionDate "2012.04.24"]
[SourceQuality "1"]
[WhiteTeam "Oxford"]
[BlackTeam "Cambridge"]
[WhiteTeamCountry "ENG"]
[BlackTeamCountry "ENG"]

1. e4 c6 2. d4 d5 3. e5 Bf5 4. h4 h6 5. h5 e6 6. g4 Bh7 7. Bd3 Bxd3 8. Qxd3 c5 9. c3 Ne7 10. f4 Qc7 11. dxc5 Qxc5 12. Be3 Qc7 13. Nd2 Nbc6 14. Nb3 g5 15. hxg6 Nxg6 16. Nf3 0-0-0 17. 0-0-0 Rg8 18. Kb1 Kb8 19. Nfd4 Ngxe5 20. fxe5 Nxe5 21. Qe2 Nxg4 22. Nb5 Qe5 23. Bxa7+ Ka8 24. Qc4 Bd6 25. Qa4 Qe4+ 26. Qxe4 dxe4 27. Bb6 Be7 28. Bxd8 Bxd8 29. Rd4 f5 30. Nc5 e5 31. Ra4+ Kb8 32. Rd1 b6 33. Nd7+ Kb7 34. Ra7+ Kc6 35. Rd6+ Kxb5 36. b3 1-0